| 000 | 00966nam a22003490a 4500 | ||
|---|---|---|---|
| 001 | PT60478 | ||
| 003 | AR-LpoUNG | ||
| 005 | 20260130013957.0 | ||
| 008 | 201001s2018||||ag |||||||||||||||||spa d | ||
| 020 |
_a9789876303682 _c$2 |
||
| 040 |
_aAR-LpoUNG _bspa _eaacr |
||
| 041 | _aspa | ||
| 044 | _aag | ||
| 082 | 0 | _a404.4 578ays | |
| 100 | 1 |
_aRinesi, Eduardo _95 |
|
| 245 | 1 | 0 |
_aActores y soldados : _bcinco ensayos hamletianos : con un post-scriptum |
| 250 | _a2da. ed. | ||
| 260 |
_aLos Polvorines : _bUniversidad Nacional de General Sarmiento, _c2018. |
||
| 300 |
_a146 p. : _btbls. |
||
| 490 | 0 |
_aCuadernos de la lengua ; _vno.6 |
|
| 650 | 4 | _aAPRECIACION LITERARIA | |
| 650 | 4 | _aCOMUNICACION | |
| 650 | 4 | _aENSAYO | |
| 650 | 4 | _aIDENTIDAD CULTURAL | |
| 650 | 4 | _aLENGUAS | |
| 650 | 4 | _aTRADUCCION | |
| 653 | 0 | _aLITERATURA INGLESA | |
| 653 | 1 | _aSHAKESPEARE, WILLIAM | |
| 700 | 1 |
_aKornfeld, Laura _eprĂ³l. |
|
| 905 | _a60478 | ||
| 942 |
_cLIB _2ddc |
||
| 999 |
_c51602 _d51602 |
||